000 00319nam a2200109Ia 4500
008 220204s9999 xx 000 0 und d
082 _a691
_bILL
100 _aIllston, J M
245 0 _aConcrete timber and metals: The nature and behaviour of structural materials
260 _aNew York
_bVan Nostrand
_c1979
942 _cBK
999 _c34467
_d34467